<?xml version="1.0" encoding="UTF-8"?><?xml-stylesheet type="text/xsl" href="static/style.xsl"?><OAI-PMH xmlns="http://www.openarchives.org/OAI/2.0/" xmlns:xsi="http://www.w3.org/2001/XMLSchema-instance" xsi:schemaLocation="http://www.openarchives.org/OAI/2.0/ http://www.openarchives.org/OAI/2.0/OAI-PMH.xsd"><responseDate>2026-04-13T04:52:44Z</responseDate><request verb="GetRecord" identifier="oai:www.recercat.cat:2072/423543" metadataPrefix="marc">https://recercat.cat/oai/request</request><GetRecord><record><header><identifier>oai:recercat.cat:2072/423543</identifier><datestamp>2024-10-29T15:30:40Z</datestamp><setSpec>com_2072_98</setSpec><setSpec>col_2072_378197</setSpec></header><metadata><record xmlns="http://www.loc.gov/MARC21/slim" xmlns:dcterms="http://purl.org/dc/terms/" xmlns:xsi="http://www.w3.org/2001/XMLSchema-instance" xmlns:doc="http://www.lyncode.com/xoai" xsi:schemaLocation="http://www.loc.gov/MARC21/slim http://www.loc.gov/standards/marcxml/schema/MARC21slim.xsd">
   <leader>00925njm 22002777a 4500</leader>
   <datafield ind2=" " ind1=" " tag="042">
      <subfield code="a">dc</subfield>
   </datafield>
   <datafield ind2=" " ind1=" " tag="720">
      <subfield code="a">Fernández-Huertas Moraga, Jesús</subfield>
      <subfield code="e">author</subfield>
   </datafield>
   <datafield ind2=" " ind1=" " tag="720">
      <subfield code="a">Universitat Autònoma de Barcelona. Unitat de Fonaments de l'Anàlisi Econòmica</subfield>
      <subfield code="e">author</subfield>
   </datafield>
   <datafield ind2=" " ind1=" " tag="720">
      <subfield code="a">Institut d'Anàlisi Econòmica</subfield>
      <subfield code="e">author</subfield>
   </datafield>
   <datafield ind2=" " ind1=" " tag="260">
      <subfield code="c">2008</subfield>
   </datafield>
   <datafield ind2=" " ind1=" " tag="520">
      <subfield code="a">Unilateral migration policies impose externalities on other countries. In order to try to internalize these externalities, countries sign bilateral migration agreements. One element of these agreements is the emphasis on enforcing migration policies: immigrant-receiving countries agree to allow more immigrants from their emigrant-sending partner if they cooperate in enforcing their migration policy at the border. I present a simple theoretical model that justifies this behavior in a two-country setting with welfare maximizing governments. These governments establish migration quotas that need to be enforced at a cost. I prove that uncoordinated migration policies are inefficient. Both countries can improve welfare by exchanging a more "generous" migration quota for expenditure on enforcement policy. Contrary to what could be expected, this result does not depend on the enforcement technology that both countries employ.</subfield>
   </datafield>
   <datafield tag="653" ind2=" " ind1=" ">
      <subfield code="a">Emigració i immigració Política governamental</subfield>
   </datafield>
   <datafield tag="653" ind2=" " ind1=" ">
      <subfield code="a">Emigració i immigració</subfield>
   </datafield>
   <datafield ind2="0" ind1="0" tag="245">
      <subfield code="a">A General model of bilateral migration agreements</subfield>
   </datafield>
</record></metadata></record></GetRecord></OAI-PMH>